2020 Summer Olympics Full Medal Table - Statistics

General Stats
  • This quiz has been taken 122 times
  • The average score is 70 of 93
Answer Stats
G S B Answer % Correct
39 41 33 United States
100%
38 32 18 China
99%
27 14 17 Japan
99%
22 21 22 Great Britain
98%
10 12 11 France
96%
17 7 22 Australia
95%
7 6 8 Brazil
95%
20 28 23 ROC
95%
10 10 20 Italy
94%
4 2 2 Norway
94%
3 8 6 Spain
94%
3 6 0 Sweden
94%
7 6 11 Canada
93%
6 4 10 South Korea
93%
1 2 4 India
92%
0 0 4 Mexico
92%
1 1 4 Egypt
91%
1 2 0 South Africa
91%
10 11 16 Germany
90%
7 6 7 New Zealand
90%
0 0 2 Finland
89%
0 1 2 Argentina
88%
3 4 4 Denmark
88%
4 1 4 Jamaica
88%
10 12 14 Netherlands
87%
1 1 5 Austria
86%
4 5 5 Poland
86%
1 1 2 Portugal
86%
0 4 1 Colombia
85%
4 4 2 Kenya
85%
1 6 12 Ukraine
85%
6 7 7 Hungary
84%
3 3 2 Croatia
83%
1 1 3 Indonesia
83%
3 2 2 Iran
83%
3 1 5 Serbia
83%
1 3 0 Romania
82%
3 1 2 Bulgaria
81%
7 3 5 Cuba
81%
1 0 1 Estonia
81%
2 0 2 Israel
81%
0 0 8 Kazakhstan
81%
1 0 1 Latvia
81%
1 0 0 Morocco
81%
3 1 1 Slovenia
81%
3 5 6 Switzerland
81%
2 3 9 Turkey
81%
2 0 2 Ireland
80%
1 2 1 Slovakia
80%
2 1 1 Greece
79%
0 1 0 Lithuania
79%
1 3 3 Belarus
78%
0 1 1 Nigeria
78%
3 1 3 Belgium
76%
1 1 2 Ethiopia
76%
1 0 1 Thailand
76%
1 3 0 Venezuela
76%
0 1 0 Saudi Arabia
75%
4 4 3 Czech Republic
74%
1 0 1 Fiji
74%
2 0 1 Qatar
74%
0 1 1 Malaysia
72%
3 0 2 Uzbekistan
72%
2 4 6 Chinese Taipei
69%
2 1 0 Ecuador
69%
2 5 1 Georgia
68%
1 1 0 Tunisia
68%
0 1 0 Turkmenistan
68%
0 2 2 Armenia
67%
0 3 2 Dominican Republic
67%
0 1 3 Mongolia
67%
0 3 4 Azerbaijan
65%
2 0 0 Bahamas
65%
1 2 1 Philippines
65%
0 0 1 Kuwait
63%
0 0 1 Ghana
62%
0 1 1 Jordan
62%
0 0 1 Moldova
61%
0 0 1 Syria
61%
2 0 0 Kosovo
60%
2 1 1 Uganda
60%
0 2 1 Kyrgyzstan
58%
0 1 0 Bahrain
57%
0 1 0 North Macedonia
57%
0 1 2 San Marino
53%
0 0 1 Ivory Coast
45%
0 0 1 Botswana
44%
0 0 1 Grenada
40%
0 1 0 Namibia
40%
1 2 3 Hong Kong
31%
1 0 0 Puerto Rico
25%
0 0 1 Burkina Faso
21%
1 0 0 Bermuda
19%
No matching quizzes found
Score Distribution
Percent of People with Each Score
Percentile by Number Answered
Your Score History
You have not taken this quiz